Obálka Náhled e-knihy:
PDF Epub
Pro půjčování e-knih musíte být přihlášeni.
Jak si půjčit online?

Paměti lesa. Zápisky lišáka Kornelia /

Komu po právu patří lesní knihkupectví? Lišák Archibald musí dokázat, že jeho rodina opravdu vlastnila knihkupectví, které má teď převzít on, a při pátrání se dozvídá stará rodinná tajemství.

Uloženo v:
Série:Paměti lesa, část 2
Hlavní autor: Brun-Arnaud, Mickaël, 1986- (Autor)
Další autoři: Sanoe, 1982- (Autor), Hodinová, Tereza (Ilustrátor)
Médium: E-kniha
Jazyk:Czech
Vydáno: Praha : Dobrovský s.r.o., 2026
Edice:Drobek
Témata:
Příbuzné jednotky:Z cyklu:: Paměti lesa
Tagy:
Žádné tagy
LEADER 03270nam a2200529 i 4500
001 302427
003 CZ PrSKC
005 20260512063242.0
007 ta
008 260430s2026 xr a c 000 j cze
015 |a cnb003755664 
020 |a 9788027744374  |q (vázáno) :  |c Kč 399,00 
040 |a ABG001  |b cze  |e rda 
041 1 |a cze  |h fre 
072 7 |a 821.133.1-3  |x Francouzská próza, francouzsky psaná  |2 Konspekt 
072 7 |a 821-93  |x Literatura pro děti a mládež (beletrie)  |2 Konspekt 
080 |a 821.133.1-32  |2 MRF 
080 |a 821-93  |2 MRF 
080 |a (0:82-32)  |2 MRF 
100 1 |a Brun-Arnaud, Mickaël,  |d 1986-  |7 xx0338365  |4 aut 
240 1 0 |a Carnets de Cornélius renard.  |l Česky 
245 1 0 |a Paměti lesa.  |p Zápisky lišáka Kornelia /  |c Mickaël Brun-Arnaud ; ilustrovala Sanoe ; přeložila Tereza Hodinová 
246 3 0 |a Zápisky lišáka Kornelia 
264 1 |a Praha :  |b Dobrovský s.r.o.,  |c 2026 
300 |a 270 stran :  |b barevné ilustrace ;  |c 21 cm 
336 |a text  |b txt  |2 rdacontent 
336 |a statický obraz  |b sti  |2 rdacontent 
337 |a bez média  |b n  |2 rdamedia 
338 |a svazek  |b nc  |2 rdacarrier 
490 1 |a Drobek 
500 |a Přeloženo z francouzštiny 
500 |a Na hřbetu knihy uvedeno číslo 2 
520 2 |a Komu po právu patří lesní knihkupectví? Lišák Archibald musí dokázat, že jeho rodina opravdu vlastnila knihkupectví, které má teď převzít on, a při pátrání se dozvídá stará rodinná tajemství.  |b Lišák Archibald se připravuje na podzimní slavnosti, když tu mu jednoho rána starosta Kráskorek oznámí, že jeho rodina není právoplatným vlastníkem knihkupectví. Nařídí, aby bylo okamžitě vyklizeno ve prospěch tajemného vlka Celestýna, který právě přicestoval do města. S pomocí svého otce a šibalského malého synovce Bartoloměje se Archibald vydává po stopách pěti tajemných zápisníků, které ukryl jeho dědeček, lišák Kornelius. Doufá, že tak odhalí pravdu a dokáže, že je skutečným majitelem knihkupectví. Nalézt zápisníky však nebude žádná hračka. Kornelius je totiž předtím, než přišel o rozum, svěřil členům tajného spolku, Literárního bratrstva. A ti se zřejmě rozhodli dohlédnout na to, aby rodina Lišáků byla památky svého předka hodna... Nakladatelská anotace. 
655 7 |a francouzské příběhy  |7 fd184214  |2 czenas 
655 7 |a publikace pro děti  |7 fd133156  |2 czenas 
655 9 |a French stories  |2 eczenas 
655 9 |a children's literature  |2 eczenas 
700 0 |a Sanoe,  |d 1982-  |7 xx0338367  |4 ill 
700 1 |a Hodinová, Tereza  |7 pna2017953349  |4 trl 
710 2 |a Dobrovský (firma)  |7 olak2017946581  |4 pbl 
787 0 8 |i Z cyklu:  |t Paměti lesa  |g 2 
830 0 |a Drobek 
900 |a ABG001  |b 19 
044 |a xr 
910 |a RBIT002 
998 |d 426318  |a https://core.palmknihy.cz/api/books/426318/cover?tevrde  |b https://core.palmknihy.cz/api/books/426318/cover/400?tevrde  |c https://core.palmknihy.cz/api/books/426318/cover/50?tevrde  |e 2030-03-08  |g 280  |i 9788027744374  |j https://core.palmknihy.cz/api/books/426318/preview.epub  |k https://core.palmknihy.cz/api/books/426318/preview.pdf  |l   |q 49  |r 1  |s https://www.palmknihy.cz/kniha/426318  |t ebook  |y 2026  |z 0  |v Paměti lesa  |w 2 
999 |d 302425